United States foreign policy in the Indo-Pakistan Subcontinent (1939-1947) V.1 (Record no. 535649)

MARC details
000 -LEADER
fixed length control field 00859nam a2200253Ia 4500
003 - CONTROL NUMBER IDENTIFIER
control field OSt
005 - DATE AND TIME OF LATEST TRANSACTION
control field 20220925200154.0
008 - FIXED-LENGTH DATA ELEMENTS--GENERAL INFORMATION
fixed length control field 220923b |||||||| |||| 00| 0 eng d
037 ## - SOURCE OF ACQUISITION
Terms of availability General Book
040 ## - CATALOGING SOURCE
Original cataloging agency RTL
Transcribing agency RTL
Language of cataloging eng
041 ## - LANGUAGE CODE
Source of code eng
Language code of text/sound track or separate title eng
100 ## - MAIN ENTRY--PERSONAL NAME
Personal name Khair Abul
9 (RLIN) 256900
245 #0 - TITLE STATEMENT
Title United States foreign policy in the Indo-Pakistan Subcontinent (1939-1947) V.1
260 ## - PUBLICATION, DISTRIBUTION, ETC.
Place of publication, distribution, etc. Dacca
Name of publisher, distributor, etc. Asiatic Society Pakistan 'East' Bangladesh
Date of publication, distribution, etc. 1968
300 ## - PHYSICAL DESCRIPTION
Extent viii, 136p
Dimensions cm.
490 ## - SERIES STATEMENT
Series statement Asiatic Society of Pakistan, Publication No.22; 22
500 ## - GENERAL NOTE
General note Bibliography: P 117-28; Index:P.129-36
650 ## - SUBJECT ADDED ENTRY--TOPICAL TERM
Topical term or geographic name entry element Foreign Policy United States
9 (RLIN) 240537
942 ## - ADDED ENTRY ELEMENTS (KOHA)
Classification part V73:19.2.N47<--N39, K8.1
Koha item type General Books
Source of classification or shelving scheme Colon Classification (CC)

No items available.

Copyright @ Delhi University Library System